| 000 | 00608nam a22001577a 4500 | ||
|---|---|---|---|
| 003 | NUST | ||
| 082 | _a670 | ||
| 100 |
_a Mushtaq , Nabeel _9122147 |
||
| 245 |
_a Detailed Study and Experimentation For Finding Optimum Values For Investment Casting Process (Ceramic Shell Type) / _cNabeel Mushtaq |
||
| 264 |
_aIslamabad: _bSMME- NUST. _c2020. |
||
| 300 |
_a171p. ; _bSoft Copy , _c30cm. |
||
| 650 |
_aMS Design and Manufacturing Engineering _9119567 |
||
| 700 |
_aSupervisor : Dr. Shahid Ikramullah Butt _9119623 |
||
| 856 | _uhttp://10.250.8.41:8080/xmlui/handle/123456789/12631 | ||
| 942 |
_2ddc _cTHE |
||
| 999 |
_c608689 _d608689 |
||